000 00616nam a2200193 a 4500
001 000046931
005 20201002053224.0
008 180406s2015 dr ac 000 0 spa d
020 _a. 9789945123197
040 _aDO-SdBNP
_bspa
_cBNPHU
082 _axxxx
_bxxxx
100 1 _aOviedo, Rosa Divina
_969385
245 1 0 _aAmanecer 02 :
_bmi libro de educación inicial /
_cRosa Divina Oviedo.
260 _aSanto Domingo :
_bSusaeta,
_c2015.
300 _a260, [261] p. :
_bil. ;
_c22 cm.
500 _aEnfoque por competencias nuevo currículo
504 _aBibliografía : [261] p.
590 _aInventariado, 2018/LP
999 _c46419
_d46419